| 000 | 01111nam a2200325 c 4500 | ||
|---|---|---|---|
| 999 |
_c51449 _d51449 |
||
| 001 | 51449 | ||
| 003 | ES-MaCES | ||
| 005 | 20200122141645.0 | ||
| 008 | 200122s2019 sp o000 ||spa d | ||
| 040 |
_aES-MaCES _bspa _cES-MaCES |
||
| 245 | 0 | 0 |
_aEspaña _b: restos económicos de la nueva legislatura _cCírculo Cívico de Opinión |
| 260 |
_a[Madrid] _bCírculo Cívico de Opinión _c2019 |
||
| 300 |
_a9 p. _c30 cm |
||
| 490 | 1 |
_aPosiciones _vjul. 2019 |
|
| 500 | _aTít. tomado de la cub. | ||
| 541 | _cGratuito | ||
| 650 | 4 |
_apolítica gubernamental _927211 |
|
| 650 | 4 |
_acrecimiento económico _927094 |
|
| 650 | 4 |
_apolítica económica _927025 |
|
| 650 | 4 |
_apolítica presupuestaria _930829 |
|
| 650 | 4 |
_apolítica financiera _928124 |
|
| 650 | 4 |
_apolítica laboral _928290 |
|
| 650 | 4 |
_aEspaña _926964 |
|
| 650 | 4 |
_arepertorio de recomendaciones prácticas _929261 |
|
| 653 | 1 | 0 | _aPolítica económica |
| 710 | 2 |
_aCírculo Cívico de Opinión _937021 |
|
| 830 | 0 |
_aPosiciones (Círculo Cívico de Opinión) _vjul. 2019 _938915 |
|
| 902 | _aDOC Literatura gris | ||
| 942 |
_2CES _cBK _h0.0. |
||